| 000 | 00428nam a2200133Ia 4500 | ||
|---|---|---|---|
| 001 | 2013 | ||
| 008 | 241024s9999 xx 000 0 und d | ||
| 082 | _aRD/346.064/R426l/122-05 | ||
| 100 | _aRepública Dominicana. Congreso Nacional | ||
| 245 | 0 | _aLey No.122.05, que regula y fomenta las Asociaciones sin Fines de Lucro y Reglamento No.40-08 | |
| 260 |
_bSanto Domingo _c2008 |
||
| 901 | _a16/11/2011 10:42:08 a.m. | ||
| 999 |
_c9536 _d9536 |
||